Brown's boundary control and legal principles (Record no. 102945)

MARC details
000 -LEADER
fixed length control field 01535cam a2200337 4500
008 - FIXED-LENGTH DATA ELEMENTS--GENERAL INFORMATION
fixed length control field #DATE n2003 000 0 eng u
020 ## - INTERNATIONAL STANDARD BOOK NUMBER
International Standard Book Number 0471215988
035 ## - SYSTEM CONTROL NUMBER
System control number (Sirsi) u122865
041 ## - LANGUAGE CODE
Language code of text/sound track or separate title eng
050 ## - LIBRARY OF CONGRESS CALL NUMBER
Classification number 346.410432
100 ## - MAIN ENTRY--PERSONAL NAME
Personal name Robillard, Walter George
245 ## - TITLE STATEMENT
Title Brown's boundary control and legal principles
250 ## - EDITION STATEMENT
Edition statement 5th ed.
260 ## - PUBLICATION, DISTRIBUTION, ETC.
Place of publication, distribution, etc. Hoboken
Name of publisher, distributor, etc. Wiley
Date of publication, distribution, etc. 2003
300 ## - PHYSICAL DESCRIPTION
Extent ix, 460p.
Dimensions 24cm.
350 ## - PRICE (NR) (BK AM CF MU VM SE) [OBSOLETE]
Price 77.50
520 ## - SUMMARY, ETC.
Summary, etc. A fifth edition of this textbook on the law of boundaries in the United States which has been expanded to include information on GIS and GPS. Considers: the history of boundaries; how they are created; the ownership, transfer and description of real property in law; easements and reversions; and boundary law and presumptions. Different types of boundary are discussed including metes and bounds, General Land Office (GLO) boundaries, riparian boundaries and littorial boundaries. Provides advice on federal and state land surveys, resurveying and retracting sectionalised lands, and the role of the surveyor. Diagrams, glossary and references.
520 ## - SUMMARY, ETC.
Summary, etc. Supersedes fourth edition (ISBN 0471043125).
650 ## - SUBJECT ADDED ENTRY--TOPICAL TERM
Topical term or geographic name entry element Boundary disputes
9 (RLIN) 6221
650 ## - SUBJECT ADDED ENTRY--TOPICAL TERM
Topical term or geographic name entry element BOUNDS
650 ## - SUBJECT ADDED ENTRY--TOPICAL TERM
Topical term or geographic name entry element GLO BOUNDARIES
650 ## - SUBJECT ADDED ENTRY--TOPICAL TERM
Topical term or geographic name entry element METES
650 ## - SUBJECT ADDED ENTRY--TOPICAL TERM
Topical term or geographic name entry element LAND SURVEYING
650 ## - SUBJECT ADDED ENTRY--TOPICAL TERM
Topical term or geographic name entry element LITTORAL RIGHTS
650 ## - SUBJECT ADDED ENTRY--TOPICAL TERM
Topical term or geographic name entry element RIPARIAN RIGHTS
650 ## - SUBJECT ADDED ENTRY--TOPICAL TERM
Topical term or geographic name entry element UNITED STATES
690 ## - LOCAL SUBJECT ADDED ENTRY--TOPICAL TERM (OCLC, RLIN)
Topical term or geographic name as entry element Boundary disputes
9 (RLIN) 6221
700 ## - ADDED ENTRY--PERSONAL NAME
Personal name Wilson, Donald A.
700 ## - ADDED ENTRY--PERSONAL NAME
Personal name Brown, Curtis Maitland
942 ## - ADDED ENTRY ELEMENTS (KOHA)
Suppress in OPAC 0
Source of classification or shelving scheme Dewey Decimal Classification
Holdings
Withdrawn status Lost status Source of classification or shelving scheme Damaged status Not for loan Home library Current library Shelving location Date acquired Cost, normal purchase price Total Checkouts Full call number Barcode Date last seen Date last checked out Copy number Cost, replacement price Price effective from Koha item type
    Dewey Decimal Classification     London London Books 15/08/2003 65.87 3 346.410432 ROB 30067358 06/08/2019 08/10/2007 1 65.87 06/08/2019 Book